La cuestión social y económica en España / (Record no. 32128)

MARC details
000 -LEADER
campo de control de longitud fija 00655nam a2200193 i 4500
001 - NÚMERO DE CONTROL
campo de control 32128
003 - IDENTIFICADOR DE NÚMERO DE CONTROL
campo de control ES-MaACL
005 - FECHA Y HORA DE LA ÚLTIMA TRANSACCIÓN
campo de control 20251009150840.0
007 - CAMPO FIJO DE DESCRIPCIÓN FÍSICA--INFORMACIÓN GENERAL
campo de control de longitud fija t|
008 - DATOS DE LONGITUD FIJA--INFORMACIÓN GENERAL
campo de control de longitud fija 030224s1892 sp ||||1| spa d
100 1# - ENTRADA PRINCIPAL--NOMBRE DE PERSONA
Nombre de persona Paliza, Manuel de la.
9 (RLIN) 88561
245 13 - MENCIÓN DEL TÍTULO
Título La cuestión social y económica en España /
Mención de responsabilidad, etc. por Manuel de la Paliza, Apolinar de Rato, Evaristo Casariego.
260 ## - PUBLICACIÓN, DISTRIBUCIÓN, ETC.
Lugar de publicación, distribución, etc. Madrid :
Nombre del editor, distribuidor, etc. [s.n.],
Fecha de publicación, distribución, etc. 1892 (
Fabricante Tip. de Manuel Ginés Hernández)
300 ## - DESCRIPCIÓN FÍSICA
Extensión 90 p.
700 1# - ENTRADA AGREGADA--NOMBRE PERSONAL
Nombre de persona Rato y Hevia de Argüelles, Apolinar de,
Fechas asociadas al nombre ca. 1830-1894
9 (RLIN) 95532
700 1# - ENTRADA AGREGADA--NOMBRE PERSONAL
Nombre de persona Casariego, Evaristo.
9 (RLIN) 36175
852 ## - LOCALIZACIÓN
Ubicación ES-MaACL
Número de control de estantería T-609-F-5
Holdings
Estatus retirado Estado de pérdida Estado de daño No para préstamo Colección Biblioteca de origen Biblioteca actual Ubicación en estantería Fecha de adquisición Fuente de adquisición Total de préstamos Signatura topográfica completa Código de barras Visto por última vez Precio de reemplazo Tipo de ítem Koha
        Colección de folletos Biblioteca del Ateneo de Madrid Biblioteca del Ateneo de Madrid Depósito folletos 17/01/2008     T-609-F-5 1033254 23/02/2023 23/02/2023 Folleto